000 00911nam a2200253 a 4500
001 53754
003 BD-RjUL
005 20211209080021.0
008 161024s1978 ii a|||| |||| 00| 0 ben d
020 _c: PRs 50.00
035 _a(BD-RjUL)53876
040 _aBD-RjUL
_bben
_cBD-RjUL
041 _aben
082 _223
_a612
_bDAM 1978
100 _aদাশগুপ্ত, অমল
_9123221
245 1 0 _aমানুষের ঠিকানা /
_cঅমল দাশগুপ্ত
250 _a২য় সং.
260 _aকলকাতা :
_bলেখাপড়া,
_c১৯৭৮ [১৩৮৫]
300 _a৩১২ পৃ. :
_bচিত্র ;
_c২১ সেমি
504 _aগ্রন্থপঞ্জি সম্বলিত
650 _aমানুষের দেহতত্ত্ব
_9123222
650 _a Human Physiology
_9123223
942 _2ddc
_cBK
999 _c53754
_d53754